000 00700nam a2200241 i 4500
001 bg
245 0 0 _aPodglądanie "Wielkiego Brata" /
_cpod red. Wiesława Godzica.
260 _aKraków :
_b"Rabid",
_c2001.
300 _a259 s. ;
_c21 cm.
504 _aBibliogr.
630 0 9 _aWielki Brat
650 9 _aTelewizja
_xpsychologia
650 9 _aTelewizja
_xsocjologia
700 1 _aGODZIC, Wiesław
_d(1953- ).
_eRed.
020 _a8388668099
040 _cBPK
041 0 _apl
080 _a7.097:316.74+316.77:159.9
920 _a83-88668-09-9
942 _cKS
008 s pl f |000 0 pol
999 _c40369
_d40369
856 _uhttp://koha.tu.koszalin.pl/cgi-bin/koha/opac-detail.pl?biblionumber=40369
_yKatalog online BPK